Joueurs du FC Barcelone saison 2025-2026 - Mort subite - Statistiques

Statistiques générales
  • Ce quiz a été pris 736 fois
  • Le résultat moyen est 11 sur 17
Answers on the Grid
Answers color-coded by a green-red scale on the quiz's grid according to % correct below.
Pau Cubarsi
Inigo Martinez
Gavi
Pablo Torre
Ferran Torres
Lamine Yamal
Jules Koundé
Inaki Pena
Alejandro Balde
Pau Victor
Vitor Roque
Joan Garcia
Eric Garcia
Marcus Rashford
Robert Lewandowski
Hector Fort
Gerard Martin
Pedri
Ilkay Gundogan
Frenkie De Jong
Marc Bernal
Oriol Romeu
Dani Olmo
Ansu Fati
Raphinha
Sergino Dest
Oscar Mingueza
Fermin Lopez
Clément Lenglet
Sergi Roberto
 
Statistiques - réponses
Réponse % Correct
Pau Cubarsi
96%
Gavi
80%
Lamine Yamal
75%
Ferran Torres
74%
Jules Koundé
72%
Robert Lewandowski
65%
Alejandro Balde
64%
Pedri
63%
Marcus Rashford
61%
Dani Olmo
59%
Frenkie De Jong
59%
Raphinha
59%
Eric Garcia
58%
Fermin Lopez
55%
Joan Garcia
54%
Gerard Martin
52%
Marc Bernal
45%
Aucun quiz correspondant
Distribution des résultats
% des personnes avec chaque résultat
Percentile par nombre de réponses
Votre historique - résultats
Vous n’avez pas pris ce quiz